00344nam a2200121 a 4500008004100000020001500041050001900056100002500075245005100100260004000151300002200191350000900213120416s1983 ||||||||||||||||| || u a0442305435 aHJ 9925.G7 Pub aHenley, Douglas, sir10aPublic sector accounting and financial control aBerkshire, Eng.bVan Nostrandc1983 axiv, 251p. : ill. a0.00